书目信息 |
| 题名: |
中国自然地理图集
|
|
| 作者: | ;西北师范学校地理系 , 地图出版社 主编 | |
| 分册: | ||
| 出版信息: | 北京 地图出版社 1984 |
|
| 页数: | 200页 | |
| 开本: | 26cm | |
| 丛书名: | ||
| 单 册: | ||
| 中图分类: | P98 | |
| 科图分类: | ||
| 主题词: | 自然地理图--中国--高等学校--教学参考资料 , 自然地理图 | |
| 电子资源: | ||
| ISBN: | ||
| 000 | 00739nam0 2200241 45 | |
| 001 | 0184000841 | |
| 005 | 20061123094148.12 | |
| 010 | @b精装@dCNY8.40 | |
| 100 | @a19960404d1984 em y0chiy0121 ea | |
| 101 | 0 | @achi |
| 102 | @aCN@b110000 | |
| 105 | @aa z 000yy | |
| 200 | 10 | @a中国自然地理图集@Azhong guo zi ran di li tu ji@f西北师范学校地理系,地图出版社主编 |
| 210 | @a北京@c地图出版社@d1984 | |
| 215 | @a200页@d26cm | |
| 300 | @a高等学校教学参考用 | |
| 606 | @a自然地理图@y中国@x高等学校@x教学参考资料 | |
| 606 | 0 | @a自然地理图 |
| 690 | @aP98@v3 | |
| 711 | 02 | @a西北师范学校地理系@Axi bei shi fan xue xiao di li xi@4主编 |
| 711 | 02 | @a地图出版社@Adi tu chu ban she@4主编 |
| 801 | 0 | @aCN@bTSSF@c20061123 |
| 905 | @a10447@dP98@e32 | |
| 中国自然地理图集/西北师范学校地理系,地图出版社主编.-北京:地图出版社,1984 |
| 200页;26cm |
| 高等学校教学参考用 |
| ISBN (精装):CNY8.40 |
| ● |
| 相关链接 |
|
|
|
|
正题名:中国自然地理图集
索取号:P98/32
 
预约/预借
| 序号 | 登录号 | 条形码 | 馆藏地/架位号 | 状态 | 备注 |
| 1 | 0141642 | 202106577 | 第二样本阅览室/ [索取号:P98/32] | 在馆 |